Statistics for NCIS Names

Click here to take the quiz!

General Stats

  • This quiz has been taken 1,186 times
    (552 since last reset)
  • The average score is 13 of 18

Answer Stats

HintAnswer% Correct
DinozzoTony
97%
GibbsLeroy Jethro
96%
SciutoAbby
96%
DavidZiva
92%
MallardDucky
91%
McGeeTim
90%
PalmerJimmy
83%
ToddKate
83%
ShepardJenny
77%
FranksMike
76%
VanceLeon
72%
BishopEllie
70%
HaswariAri
69%
FornellTobias
67%
DavidEli
59%
KortTrent
51%
GibbsJackson
34%
CraigJerome
11%

Score Distribution

Percentile by Number Answered

Percent of People with Each Score

Your Score History

You have not taken this quiz since the last reset